Statistiques concernant Préjugés sur les Chinois

Cliquez ici pour prendre le quiz!

Statistiques générales

  • Ce quiz a été pris 390 fois
  • Le résultat moyen est 7 sur 10

Statistiques - réponses

IndicesRéponses% Correct
Mais ils se nourriraient également d'animaux domestiques comme les...Chiens
94%
Leurs produits seraient tous de mauvaise...Qualité
94%
Les Chinois mangeraient énormément de...Riz
92%
Tous les Chinois travailleraient à l'...Usine
88%
Avec des cheveux noirs et des yeux bridés, les Chinois seraient presque tous les...Mêmes
83%
De plus, la majorité de ces produits seraient des...Contrefaçons
70%
Avec tant d'industries et de nombreux monopoles, les Chinois voudraient à terme...Conquérir le monde
48%
A cause d'une telle alimentation, ils seraient tous...Petits
43%
Ils porteraient tous des chapeaux en bambou...(forme)Pointus
31%
Avec tant d'(réponse précédente), ils ne cesseraient donc pas de...Polluer
26%

Distribution des résultats

Percentile par nombre de réponses

% des personnes avec chaque résultat

Votre développement - résultats

Vous n’avez pas pris ce quiz